00000000nam##2200000za#4500
0019.658015
003CaOODSP
00520241125155042
007ta
008150407|1995||||xxc|||||     f|0| 0 eng|d
020 |a0-662-62060-7
040 |aCaOODSP|beng
041 |aeng
041 |afre
043 |an-cn---
0861 |aE2-161/1995
1101 |aCanada. |bForeign Affairs and International Trade Canada.
24510|aTowards a rapid reaction capability for the United Nations : |breport of the government of Canada / |cIssued jointly by the Department of National Defence.
260 |aOttawa - Ontario : |bForeign Affairs and International Trade |c1995.
300 |aEnglish text, 78p. : |bgraphs, references ; |c28 cm.
500 |aContents: Why rapid reaction?--Principles of the study.--The record of rapid reaction: recent experience.--Elements of rapid reaction: how the UN shapes up.--A practical agenda for reform: the short to medium term.--A vision of the future: the long-term prospect for rapid reaction.--Towards a rapid-reaction capability: conclusions.
546 |aBilingual
563 |aSoftcover
590 |a95-41|b1995-10-13
69007|aInternational organizations|2gcpds
69007|aPeacekeeping|2gcpds
7760#|tTowards a rapid reaction capability for the United Nations.|w(CaOODSP)9.945548
792 |tLes opérations de paix de l'ONU: vers une capacité de réaction rapide : |efre|w(CaOODSP)9.658016